000 00690nam a2200277Ia 4500
005 20260324123810.0
008 008 260324s9999 xx 000 0 eng d
020 _a9781315064253
037 _aEBOOK
040 _aCRL
040 _beng
040 _cCRL
041 _2eng
041 _aeng
084 _qCRL
100 _aRobert C. Lucas; Mordechai Schechter
_91171691
245 0 _aSimulation of Recreational Use for Park and Wilderness Management
260 _bTaylor and Francis
260 _c2011
365 _a
365 _b135
856 _uhttp://www.taylorfrancis.com/books/9781315064253
942 _cEBOOK
999 _c1765523
_d1765523